• 首页
  • 本馆介绍
  • 公告通知
  • 最新文献
  • 馆藏检索
  • 电子资源
  • 读者导购
  • 参考咨询
  • 我的图书馆
  • 登录
  • 详细信息显示
  • 放入我的书架
  • 预约/预借图书
  • 作者相关作品
  • 分类相关作品
  • 丛书相关作品
  • 出版社相关作品

书目信息

  • 表格格式
  • 工作单格式
  • 卡片格式
题名:
动机与人格
    
 
作者: 马斯洛 著 ;陈海滨 译
分册:  
出版信息: 南昌   江西美术出版社  2021.5
页数: 378页
开本: 21cm
丛书名:
单 册:
中图分类: B84-067
科图分类:
主题词: 人本心理学--研究
电子资源:
ISBN: 978-7-5480-7871-5
000 01407nam0 2200265 45
001 012001000139
005 20141201104555.0
010    @a978-7-5480-7871-5@dCNY46.00
100    @a20220905d2021 em y0chiy50 ea
101 1  @achi@ceng
102    @aCN@b360000
105    @ay az 000yy
106    @ar
200 1  @a动机与人格@Adong ji yu ren ge@d= Motivation and personality@f(美)亚伯拉罕·马斯洛(Abraham H.Maslow)著@g陈海滨译@zeng
210    @a南昌@c江西美术出版社@d2021.5
215    @a378页@d21cm
320    @a有书目(第353-378页)
330    @a本书是“人本心理学之父”、当代伟大的心理学家之一马斯洛重要的著作之一。在书中,他提出了许多精彩的理论,包括人本心理学科学观的理论、需要层次论、自我实现理论、元动机理论、心理治疗理论、高峰体验理论等。《动机与人格》是马斯洛学说的奠基作,其主要是围绕需要层次论和自我实现论来阐述其基本观点的。动机理论是马斯洛学说的精髓。本著作中,马斯洛提出了许多精彩的理论,包括人本心理学科学观的理论、需要层次论、自我实现理论、元动机理论、心理治疗理论、高峰体验理论等。该书包含了马斯洛对人类心理学的重要发问和早期探索,它在创建一个积极和全面的关于人性的观点方面,有着巨大的影响。
510 1  @aMotivation and personality@zeng
606 0  @a人本心理学@x研究
690    @aB84-067@v5
701  1 @c(美)@a马斯洛@Ama si luo@gMaslow, Abraham Harold@f(1908-1970)@4著
702  0 @a陈海滨@Achen hai bin@f(1974-)@4译
801  0 @aCN@bAHXH@c20221111
905    @b1368810-4@dB84-067@e4413@f5
    
    动机与人格= Motivation and personality/(美)亚伯拉罕·马斯洛(Abraham H.Maslow)著/陈海滨译.-南昌:江西美术出版社,2021.5
    378页;21cm
    
    
    ISBN 978-7-5480-7871-5:CNY46.00
    本书是“人本心理学之父”、当代伟大的心理学家之一马斯洛重要的著作之一。在书中,他提出了许多精彩的理论,包括人本心理学科学观的理论、需要层次论、自我实现理论、元动机理论、心理治疗理论、高峰体验理论等。《动机与人格》是马斯洛学说的奠基作,其主要是围绕需要层次论和自我实现论来阐述其基本观点的。动机理论是马斯洛学说的精髓。本著作中,马斯洛提出了许多精彩的理论,包括人本心理学科学观的理论、需要层次论、自我实现理论、元动机理论、心理治疗理论、高峰体验理论等。该书包含了马斯洛对人类心理学的重要发问和早期探索,它在创建一个积极和全面的关于人性的观点方面,有着巨大的影响。
●
相关链接 在E读中查询图书 在五车中查询图书 在当当中查询图书 在豆瓣中查询图书


正题名:动机与人格     索取号:B84-067/4413         预约/预借

序号 登录号 条形码 馆藏地/架位号 状态 备注
1 1368810   213688106   第一样本阅览室/ [索取号:B84-067/4413] 在馆    
2 1368811   213688115   教育系资料室/ [索取号:B84-067/4413] 在馆    
3 1368812   213688124   教育系资料室/ [索取号:B84-067/4413] 在馆    
4 1368813   213688133   第一借阅区/ [索取号:B84-067/4413] 在馆    
5 1368814   213688142   第一借阅区/ [索取号:B84-067/4413] 在馆    
唐山师范学院图书馆 欢迎您!
大连网信软件有限公司© 版权所有